[Event "5. Torneo IRT Móstoles 2012"]
[Site "Madrid ESP"]
[Date "2012.07.20"]
[Round "2.7"]
[White "Rodriguez De Castro, Ayar"]
[Black "Garcia-Ruiz Fuentes, Angel M"]
[Result "1-0"]
[WhiteElo "2167"]
[BlackElo "1957"]
[PlyCount "79"]
[EventDate "2012.07.19"]
[EventType "swiss"]
[EventRounds "9"]
[EventCountry "ESP"]
[Source "lmi"]
[SourceDate "2012.07.19"]

1. d4 Nf6 2. c4 g6 3. g3 Bg7 4. Bg2 d6 5. Nf3 O-O 6. O-O Nc6 7. Nc3 a6 8. Qc2
Rb8 9. Rd1 b5 10. cxb5 axb5 11. Bg5 Na5 12. Rac1 c6 13. e4 h6 14. Bxf6 Bxf6 15.
e5 Bg7 16. b4 Nc4 17. d5 cxd5 18. Rxd5 e6 19. Rxb5 Na3 20. Rxb8 Nxc2 21. Rxc2
Qc7 22. Rb5 Bd7 23. Ra5 Rc8 24. a3 Bxe5 25. Nxe5 dxe5 26. Rc5 Qd6 27. Rxc8+
Bxc8 28. b5 f5 29. a4 e4 30. Bf1 Qc7 31. Rc1 Bb7 32. Ne2 Qb6 33. Rc3 e5 34. Nc1
Qa5 35. Rc4 Bd5 36. Rc5 Bf7 37. Rc8+ Kg7 38. Rc5 f4 39. Rxe5 Qxa4 40. b6 1-0

[Event "5. Torneo IRT Móstoles 2012"]
[Site "Madrid ESP"]
[Date "2012.07.20"]
[Round "2.8"]
[White "Gomez Ferrer, Jesus"]
[Black "Garcia Diaz, Victor"]
[Result "0-1"]
[WhiteElo "1942"]
[BlackElo "2162"]
[PlyCount "128"]
[EventDate "2012.07.19"]
[EventType "swiss"]
[EventRounds "9"]
[EventCountry "ESP"]
[Source "lmi"]
[SourceDate "2012.07.19"]

1. Nf3 Nf6 2. g3 b5 3. Bg2 Bb7 4. O-O e6 5. d4 c5 6. Bf4 Qb6 7. c3 Be7 8. Nbd2
O-O 9. a4 a6 10. axb5 axb5 11. Rxa8 Bxa8 12. dxc5 Bxc5 13. Nb3 Be7 14. Qd4 Qd8
15. Bd6 Nc6 16. Qd3 Qb6 17. Bxe7 Nxe7 18. Qd4 Qb8 19. Ra1 Bd5 20. Nbd2 Qb7 21.
Qa7 Qc6 22. Nd4 Qd6 23. Nxb5 Qe5 24. Nd4 h6 25. Ra5 Qg5 26. e3 Qh5 27. f3 e5
28. Qc5 exd4 29. e4 dxc3 30. bxc3 Nc6 31. Rb5 Ra8 32. exd5 Ra1+ 33. Nf1 Ne5 34.
Qe3 d6 35. Rb8+ Kh7 36. Rb6 Qg6 37. Rxd6 Nc4 38. Rxf6 Nxe3 39. Rxg6 Kxg6 40. f4
Rc1 41. d6 Kf6 42. Bh3 Nxf1 43. Bxf1 Ke6 44. c4 Kxd6 45. Kf2 Kc5 46. Be2 Kd4
47. Kf3 f5 48. Kf2 Rc2 49. Kf3 Rc3+ 50. Kf2 Ke4 51. Bf1 Rc2+ 52. Be2 Rb2 53. h3
Rc2 54. g4 Kxf4 55. gxf5 Kxf5 56. Ke3 Rc3+ 57. Bd3+ Ke5 58. h4 g5 59. hxg5 hxg5
60. Kd2 Kd4 61. Be2 Ra3 62. Ke1 Ke3 63. Bd1 Ra1 64. c5 Rc1 0-1

[Event "5. Torneo IRT Móstoles 2012"]
[Site "Madrid ESP"]
[Date "2012.07.20"]
[Round "2.9"]
[White "Collado Barbas, Laura"]
[Black "Rosa Ramirez, Victor D"]
[Result "1-0"]
[WhiteElo "2118"]
[BlackElo "1944"]
[PlyCount "55"]
[EventDate "2012.07.19"]
[EventType "swiss"]
[EventRounds "9"]
[EventCountry "ESP"]
[Source "lmi"]
[SourceDate "2012.07.19"]

1. d4 Nf6 2. c4 e5 3. dxe5 Ng4 4. Bf4 Nc6 5. Nf3 Bb4+ 6. Nbd2 Qe7 7. e3 Ngxe5
8. Nxe5 Nxe5 9. Be2 Ng6 10. Bxc7 d6 11. Qa4+ Qd7 12. Qxb4 Qxc7 13. Ne4 O-O 14.
Qxd6 Qa5+ 15. Qd2 Qb6 16. O-O Rd8 17. Qc3 Qc6 18. Ng3 Nh4 19. f3 Qg6 20. Rad1
Be6 21. Rd4 Qg5 22. Rf2 f5 23. Bf1 Re8 24. Ne2 Qe7 25. Nf4 Bf7 26. Nd5 Bxd5 27.
cxd5 Rac8 28. Qb3 1-0

[Event "5. Torneo IRT Móstoles 2012"]
[Site "Madrid ESP"]
[Date "2012.07.20"]
[Round "2.10"]
[White "Lopez Heras, Arturo"]
[Black "Cabañas Jimenez, Manuel"]
[Result "0-1"]
[WhiteElo "1926"]
[BlackElo "2108"]
[PlyCount "76"]
[EventDate "2012.07.19"]
[EventType "swiss"]
[EventRounds "9"]
[EventCountry "ESP"]
[Source "lmi"]
[SourceDate "2012.07.19"]

1. e4 d5 2. exd5 Nf6 3. Bb5+ Bd7 4. Bc4 Bg4 5. f3 Bc8 6. Nc3 Nbd7 7. Nge2 Nb6
8. Bb3 a5 9. Na4 Nbxd5 10. c4 Nb4 11. d4 Bf5 12. O-O b5 13. cxb5 e6 14. a3 Nbd5
15. Nac3 Nb6 16. Ng3 Bg6 17. Bg5 Be7 18. Re1 O-O 19. Rc1 h6 20. Bf4 Qd7 21.
Nge4 Nxe4 22. Nxe4 Qxb5 23. Rxc7 Rfe8 24. a4 Qb4 25. Be5 Rad8 26. Nc3 Nd7 27.
Nb5 Nxe5 28. Rxe5 Bf6 29. Rc4 Qxc4 30. Bxc4 Bxe5 31. g3 Bxd4+ 32. Nxd4 e5 33.
Bb5 Re6 34. Qd2 exd4 35. Qxa5 Red6 36. Qd2 d3 37. Bc4 Re8 38. Qb4 d2 0-1

[Event "5. Torneo IRT Móstoles 2012"]
[Site "Madrid ESP"]
[Date "2012.07.20"]
[Round "2.11"]
[White "Cortes Jurado, Rafael"]
[Black "Pindado Campos, Raul"]
[Result "0-1"]
[WhiteElo "2106"]
[BlackElo "1928"]
[PlyCount "160"]
[EventDate "2012.07.19"]
[EventType "swiss"]
[EventRounds "9"]
[EventCountry "ESP"]
[Source "lmi"]
[SourceDate "2012.07.19"]

1. e4 c5 2. c3 e6 3. d4 cxd4 4. cxd4 Nf6 5. Nc3 Bb4 6. Bd3 Nc6 7. Nge2 O-O 8.
e5 Nd5 9. Bc2 d6 10. Qd3 f5 11. exf6 Nxf6 12. O-O d5 13. Ng3 Ne7 14. Bg5 Ng6
15. h4 Rf7 16. h5 Nf8 17. Nd1 Bd7 18. Ne3 a6 19. Qb3 Qb6 20. Rfd1 Ba5 21. Bxf6
Rxf6 22. Ng4 Rf4 23. Ne5 Rxd4 24. Qf3 Qxb2 25. Qf7+ Kh8 26. h6 Rxd1+ 27. Rxd1
Qxe5 28. Nh5 gxh6 29. Nf6 Qg5 30. Nxd7 Qg7 31. Qxg7+ Kxg7 32. Ne5 Rc8 33. Bb3
Ng6 34. Nf3 b5 35. Nd4 Kf6 36. a4 e5 37. Nf3 d4 38. axb5 axb5 39. Ra1 Bb6 40.
Ra6 Rb8 41. Nd2 Ke7 42. Bc2 Nf4 43. Be4 Ne2+ 44. Kf1 Nc3 45. Bd3 Kd6 46. f3 Kc5
47. Ra1 Rc8 48. Re1 Re8 49. f4 Bc7 50. Nb3+ Kd5 51. fxe5 Rxe5 52. Rxe5+ Bxe5
53. Nd2 Bf4 54. Nb3 b4 55. Ke1 Na4 56. Ke2 Nc5 57. Nxc5 Kxc5 58. Bxh7 b3 59.
Kd3 Be3 60. Bg8 Kb4 61. Bf7 Ka3 62. Be6 b2 63. Kc2 d3+ 64. Kb1 Bc1 65. Bf5 d2
66. Bg4 Kb3 67. Bd1+ Kc3 68. Be2 Kd4 69. Kc2 Ke3 70. Bf3 Kf2 71. Kb1 Ke1 72.
Kc2 b1=Q+ 73. Kxb1 d1=Q 74. Bxd1 Kxd1 75. g4 Bf4 76. Kb2 Ke2 77. Kc2 Bd2 78.
Kb3 Kf3 79. Kc2 Kxg4 80. Kxd2 Kg3 0-1

[Event "5. Torneo IRT Móstoles 2012"]
[Site "Madrid ESP"]
[Date "2012.07.20"]
[Round "2.12"]
[White "Arbunic Castro, Giovanna"]
[Black "Perez Cameselle, Francisco"]
[Result "1-0"]
[WhiteElo "2098"]
[BlackElo "1900"]
[PlyCount "79"]
[EventDate "2012.07.19"]
[EventType "swiss"]
[EventRounds "9"]
[EventCountry "ESP"]
[Source "lmi"]
[SourceDate "2012.07.19"]

1. e4 e6 2. d4 d5 3. e5 c5 4. c3 Nc6 5. Nf3 Qb6 6. a3 cxd4 7. cxd4 Nge7 8. Nc3
Nf5 9. Na4 Qd8 10. Be2 Be7 11. O-O O-O 12. b4 f6 13. Bb2 Bd7 14. b5 Na5 15. Rc1
Rc8 16. Nc5 b6 17. Nxd7 Qxd7 18. Qa4 Rxc1 19. Bxc1 Rc8 20. g4 Nh6 21. exf6 Rxc1
22. Rxc1 gxf6 23. h3 Nf7 24. Qc2 Bxa3 25. Qc8+ Qxc8 26. Rxc8+ Kg7 27. Rc7 Bb2
28. Rxa7 Nb3 29. Ra4 Bc3 30. Kf1 Nd6 31. Ra3 Nd2+ 32. Nxd2 Bxd2 33. Ra6 Ba5 34.
Ra7+ Kh6 35. Re7 Bc3 36. Rxe6 Ne4 37. Rxb6 Bxd4 38. Re6 Nxf2 39. b6 Nxh3 40. b7
1-0

[Event "5. Torneo IRT Móstoles 2012"]
[Site "Madrid ESP"]
[Date "2012.07.20"]
[Round "2.13"]
[White "Hernandez Gutierrez, Jose"]
[Black "Ramos Del Campo, Alexander"]
[Result "0-1"]
[WhiteElo "1896"]
[BlackElo "2078"]
[PlyCount "52"]
[EventDate "2012.07.19"]
[EventType "swiss"]
[EventRounds "9"]
[EventCountry "ESP"]
[Source "lmi"]
[SourceDate "2012.07.19"]

1. e4 d5 2. exd5 Qxd5 3. Nc3 Qa5 4. d4 Nf6 5. Nf3 c6 6. Bc4 Bf5 7. Bd2 e6 8.
Qe2 Bb4 9. O-O-O O-O 10. a3 Bxc3 11. Bxc3 Qc7 12. Ne5 Nbd7 13. g4 Nxe5 14. dxe5
Nxg4 15. h3 Nh6 16. Bd2 b5 17. Bb3 Rfd8 18. Rdg1 Kh8 19. Bxh6 gxh6 20. Rd1
Rxd1+ 21. Rxd1 Rd8 22. Rxd8+ Qxd8 23. Qe3 Qg5 24. f4 Qg2 25. Qd2 Qf1+ 26. Qd1
Qxf4+ 0-1

[Event "5. Torneo IRT Móstoles 2012"]
[Site "Madrid ESP"]
[Date "2012.07.20"]
[Round "2.14"]
[White "Camarero Izquierdo, Juan Carlos"]
[Black "Cabañas Bravo, Juan Andres"]
[Result "0-1"]
[WhiteElo "1890"]
[BlackElo "2061"]
[PlyCount "146"]
[EventDate "2012.07.19"]
[EventType "swiss"]
[EventRounds "9"]
[EventCountry "ESP"]
[Source "lmi"]
[SourceDate "2012.07.19"]

1. d4 Nf6 2. Nc3 d5 3. Bg5 Nbd7 4. Nf3 g6 5. Qd2 Ne4 6. Nxe4 dxe4 7. Nh4 h6 8.
Be3 Nb6 9. g3 Nc4 10. Qc3 Qd5 11. Ng2 g5 12. h4 Bg7 13. hxg5 hxg5 14. Rxh8+
Bxh8 15. O-O-O Be6 16. b3 Nd6 17. Qc5 Qxc5 18. dxc5 Nb5 19. c4 Nc3 20. Rd2 Rd8
21. Rxd8+ Kxd8 22. a4 Bh3 23. Bxg5 Bxg2 24. Bxg2 Nxe2+ 25. Kd2 Nd4 26. b4 f5
27. g4 Ne6 28. Bh6 Nd4 29. g5 Ke8 30. g6 Bf6 31. Be3 Kf8 32. Bh6+ Kg8 33. Ke3
Nc2+ 34. Kf4 e6 35. b5 Bd4 36. c6 bxc6 37. bxc6 e3 38. Bf1 exf2 39. Kf3 Nb4 40.
Bf4 e5 41. Bh6 Bc5 42. Ke2 Nxc6 43. Bg2 Ne7 44. g7 Kf7 45. Be3 Bxe3 46. Kxe3
Kxg7 47. Kxf2 Kf6 48. Ke3 Kg5 49. c5 Ng8 50. Kd3 Kf4 51. Kc4 Ne7 52. Kb5 e4 53.
Ka6 Ke5 54. Kxa7 Kd5 55. Kb7 Kxc5 56. Kxc7 Nd5+ 57. Kd7 Nc3 58. Ke6 e3 59. Bf3
f4 60. Ke5 Nxa4 61. Kxf4 Kd4 62. Bh5 Kd3 63. Kg3 Nc3 64. Kg2 Kd2 65. Bf3 Ke1
66. Kg3 Kf1 67. Bh5 Nd5 68. Kh2 Kf2 69. Kh1 Nc3 70. Kh2 Ne2 71. Be8 Nd4 72. Bh5
Nf3+ 73. Bxf3 Kxf3 0-1

[Event "5. Torneo IRT Móstoles 2012"]
[Site "Madrid ESP"]
[Date "2012.07.20"]
[Round "2.15"]
[White "Esteve Sanchez, Sergio"]
[Black "Panero Cabrero, Gregorio"]
[Result "1-0"]
[WhiteElo "2053"]
[BlackElo "1895"]
[PlyCount "59"]
[EventDate "2012.07.19"]
[EventType "swiss"]
[EventRounds "9"]
[EventCountry "ESP"]
[Source "lmi"]
[SourceDate "2012.07.19"]

1. b3 d5 2. Bb2 Bf5 3. e3 e6 4. f4 Nd7 5. Nf3 Ngf6 6. g3 Bd6 7. Bg2 Qe7 8. Nc3
c6 9. d3 O-O 10. O-O a6 11. Qd2 h6 12. Nh4 Ba3 13. Bxa3 Qxa3 14. Kh1 Bh7 15. h3
Qd6 16. g4 d4 17. Ne4 Bxe4 18. dxe4 e5 19. Nf5 Qe6 20. exd4 exd4 21. Qxd4 Kh7
22. e5 g6 23. Ne3 Ng8 24. Rad1 Rfd8 25. Qc4 Qxc4 26. Nxc4 Nc5 27. Nd6 Kg7 28.
b4 Ne6 29. f5 gxf5 30. gxf5 1-0

[Event "5. Torneo IRT Móstoles 2012"]
[Site "Madrid ESP"]
[Date "2012.07.20"]
[Round "2.19"]
[White "Tipter, Napoleon"]
[Black "Martin Garcia, Francisco Javier"]
[Result "1-0"]
[WhiteElo "2076"]
[BlackElo "1612"]
[PlyCount "99"]
[EventDate "2012.07.19"]
[EventType "swiss"]
[EventRounds "9"]
[EventCountry "ESP"]
[Source "lmi"]
[SourceDate "2012.07.19"]

1. e4 c5 2. Nf3 d6 3. d4 cxd4 4. Qxd4 Nc6 5. Bb5 Bd7 6. Bxc6 Bxc6 7. Nc3 Nf6 8.
Bg5 e6 9. O-O-O h6 10. Bh4 Be7 11. Rhe1 O-O 12. Nd2 Qc7 13. Bg3 b5 14. f3 Rfd8
15. Nb3 a5 16. e5 dxe5 17. Qxe5 Qa7 18. Nd4 Rac8 19. Nxc6 Rxd1+ 20. Rxd1 Rxc6
21. Nxb5 Qb6 22. a4 Nd5 23. Qb8+ Qxb8 24. Bxb8 Bf6 25. c3 Rc4 26. Ba7 Rxa4 27.
Kc2 Rc4 28. Kb3 Rc8 29. g3 Be7 30. c4 Nf6 31. Ra1 Bb4 32. Rd1 Be7 33. Nc3 Rc7
34. Be3 Nd7 35. Nb5 Rb7 36. f4 Nc5+ 37. Bxc5 Bxc5 38. Ka4 Bb4 39. Rd8+ Kh7 40.
Ra8 Rd7 41. Rxa5 Bxa5 42. Kxa5 Kg8 43. c5 Rd2 44. b4 Kf8 45. Na7 Ke8 46. b5 Kd7
47. Kb6 Kd8 48. c6 Rc2 49. Kb7 Rc1 50. b6 1-0

[Event "5. Torneo IRT Móstoles 2012"]
[Site "Madrid ESP"]
[Date "2012.07.20"]
[Round "2.26"]
[White "Lozano Sanchez, Jose Antonio"]
[Black "Veiga Rodriguez, Pablo"]
[Result "1-0"]
[WhiteElo "1863"]
[BlackElo "1588"]
[PlyCount "51"]
[EventDate "2012.07.19"]
[EventType "swiss"]
[EventRounds "9"]
[EventCountry "ESP"]
[Source "lmi"]
[SourceDate "2012.07.19"]

1. e4 c5 2. Nf3 g6 3. Bc4 Bg7 4. Nc3 d6 5. d3 e6 6. O-O Nc6 7. a4 a6 8. Bf4
Nge7 9. Qd2 h6 10. h3 g5 11. Bg3 Ng6 12. Rad1 Nd4 13. Nxd4 Bxd4 14. Ne2 Be5 15.
d4 cxd4 16. Nxd4 Bxg3 17. fxg3 Ne5 18. Bb3 Bd7 19. Nf3 Qb6+ 20. Kh2 Nxf3+ 21.
Rxf3 Ke7 22. Rd3 Bc6 23. Rxd6 Rad8 24. e5 Rxd6 25. Qxd6+ Ke8 26. Qb8+ 1-0

[Event "5. Torneo IRT Móstoles 2012"]
[Site "Madrid ESP"]
[Date "2012.07.21"]
[Round "3.1"]
[White "Almagro Llamas, Pablo"]
[Black "Arbunic Castro, Giovanna"]
[Result "1-0"]
[WhiteElo "2465"]
[BlackElo "2098"]
[PlyCount "59"]
[EventDate "2012.07.19"]
[EventType "swiss"]
[EventRounds "9"]
[EventCountry "ESP"]
[Source "lmi"]
[SourceDate "2012.07.19"]

1. e4 c5 2. Nf3 Nc6 3. Bb5 Qc7 4. O-O a6 5. Bxc6 Qxc6 6. d4 d6 7. d5 Qc7 8. h3
g6 9. Re1 Bg7 10. a4 b6 11. Na3 Rb8 12. Bf4 f6 13. c3 g5 14. Bh2 h5 15. h4 g4
16. Nd2 Nh6 17. Qe2 Nf7 18. b4 Ne5 19. Nac4 O-O 20. f4 gxf3 21. gxf3 Kh8 22.
Kh1 Qd7 23. Rg1 Qh3 24. Rg3 Qxh4 25. Rag1 Bh6 26. Qg2 Bd7 27. Nxb6 Bf4 28. Rh3
Rg8 29. Rxh4 Rxg2 30. Rxg2 1-0

[Event "5. Torneo IRT Móstoles 2012"]
[Site "Madrid ESP"]
[Date "2012.07.21"]
[Round "3.2"]
[White "Renteria, Jorge"]
[Black "Ramos Del Campo, Alexander"]
[Result "1/2-1/2"]
[WhiteElo "2326"]
[BlackElo "2078"]
[PlyCount "70"]
[EventDate "2012.07.19"]
[EventType "swiss"]
[EventRounds "9"]
[EventCountry "ESP"]
[Source "lmi"]
[SourceDate "2012.07.19"]

1. d4 Nf6 2. c4 c5 3. Nf3 e6 4. Nc3 cxd4 5. Nxd4 Bb4 6. Ndb5 O-O 7. a3 Bxc3+ 8.
Nxc3 d5 9. e3 Nc6 10. Be2 Ne5 11. cxd5 Nxd5 12. Nxd5 Qxd5 13. Qxd5 exd5 14. f4
Ng4 15. Bf3 Nf6 16. O-O Bd7 17. Rd1 Bc6 18. b4 Rfe8 19. g4 h6 20. h4 a6 21. g5
hxg5 22. hxg5 Ne4 23. Bb2 Nd6 24. Bd4 a5 25. Kf2 axb4 26. axb4 Ne4+ 27. Kg2 Bb5
28. Be5 Rxa1 29. Rxa1 Rc8 30. Bg4 Rc2+ 31. Kg1 Kf8 32. Ra8+ Ke7 33. Ra7 Rc1+
34. Kh2 Rc2+ 35. Kg1 Rc1+ 1/2-1/2

[Event "5. Torneo IRT Móstoles 2012"]
[Site "Madrid ESP"]
[Date "2012.07.21"]
[Round "3.3"]
[White "Fernandez Blazquez, Diego"]
[Black "Cabañas Bravo, Juan Andres"]
[Result "0-1"]
[WhiteElo "2190"]
[BlackElo "2061"]
[PlyCount "148"]
[EventDate "2012.07.19"]
[EventType "swiss"]
[EventRounds "9"]
[EventCountry "ESP"]
[Source "lmi"]
[SourceDate "2012.07.19"]

1. e4 e5 2. Nf3 Nc6 3. Bb5 a6 4. Ba4 Nf6 5. O-O Nxe4 6. d4 b5 7. Bb3 d5 8. dxe5
Be6 9. Nbd2 Nc5 10. c3 g6 11. Qe2 Bg7 12. Nd4 Nxe5 13. f4 Ned3 14. f5 Nxc1 15.
Raxc1 gxf5 16. Nxf5 O-O 17. Bc2 Qg5 18. Rf3 Ne4 19. Bxe4 dxe4 20. Nxe4 Qxc1+
21. Rf1 Bc4 22. Qxc4 bxc4 23. Rxc1 Rfd8 24. Rc2 Rd1+ 25. Kf2 Re8 26. Re2 Kf8
27. a3 Rb1 28. Kg3 Be5+ 29. Kh3 Bd6 30. g3 Re5 31. g4 h5 32. Nfg3 hxg4+ 33.
Kxg4 Rb5 34. Nf6 Bxg3 35. hxg3 R1xb2 36. Re8+ Kg7 37. Nh5+ Kh6 38. Rh8+ Kg6 39.
Nf4+ Kg7 40. Rc8 Rc5 41. Nh5+ Kg6 42. Nf4+ Kh7 43. Rf8 Kg7 44. Ra8 a5 45. Nh5+
Kg6 46. Ra6+ Rb6 47. Nf4+ Kf6 48. Ra7 Ke5 49. Ra8 Ke4 50. Re8+ Re5 51. Rd8 f5+
52. Kh4 Rd6 53. Rc8 Rd7 54. Rg8 Kf3 55. Nh5 Re4+ 56. Nf4 Rf7 57. Kh5 Ree7 58.
Nd5 Rd7 59. Kg6 Kxg3 60. Nf6 f4 61. Nxd7 Rxd7 62. Kf5+ Kf3 63. Rf8 Rd5+ 64. Ke6
c6 65. Rc8 Rd3 66. Rxc6 Rxc3 67. a4 Ke2 68. Kd5 f3 69. Kd4 Re3 70. Rxc4 f2 71.
Rc2+ Kf3 72. Rc8 Re1 73. Rf8+ Kg3 74. Rg8+ Kh4 0-1

[Event "5. Torneo IRT Móstoles 2012"]
[Site "Madrid ESP"]
[Date "2012.07.21"]
[Round "3.4"]
[White "Lopez de Turiso, Jose Angel"]
[Black "De la Fuente Gonzalez, Francisco"]
[Result "0-1"]
[WhiteElo "2044"]
[BlackElo "2184"]
[PlyCount "80"]
[EventDate "2012.07.19"]
[EventType "swiss"]
[EventRounds "9"]
[EventCountry "ESP"]
[Source "lmi"]
[SourceDate "2012.07.19"]

1. Nc3 d5 2. e4 d4 3. Nce2 e5 4. f4 Nf6 5. d3 Nc6 6. Nf3 Bg4 7. fxe5 Nd7 8. Bg5
Be7 9. Bxe7 Qxe7 10. Qd2 Bxf3 11. gxf3 Ndxe5 12. Bg2 O-O-O 13. O-O-O Qh4 14.
Rdf1 Rhf8 15. Qf4 Qxf4+ 16. Nxf4 Rd6 17. Rhg1 Kb8 18. Rf2 f5 19. Rgf1 g5 20.
Ne2 Rdf6 21. h3 fxe4 22. dxe4 d3 23. Ng1 Nd4 24. c3 Ne6 25. Kd2 Nf4 26. b3 h5
27. h4 g4 28. fxg4 hxg4 29. h5 g3 30. Rf3 Nxf3+ 31. Bxf3 Nxh5 32. Kxd3 Nf4+ 33.
Ke3 g2 34. Rd1 Rd6 35. Rd4 Rh6 36. Rd1 Rh1 37. c4 Nh3 38. Bxg2 Rxg1 39. Rxg1
Nxg1 40. e5 Kc8 0-1

[Event "5. Torneo IRT Móstoles 2012"]
[Site "Madrid ESP"]
[Date "2012.07.21"]
[Round "3.5"]
[White "Garcia Diaz, Victor"]
[Black "Esteve Sanchez, Sergio"]
[Result "1-0"]
[WhiteElo "2162"]
[BlackElo "2053"]
[PlyCount "53"]
[EventDate "2012.07.19"]
[EventType "swiss"]
[EventRounds "9"]
[EventCountry "ESP"]
[Source "lmi"]
[SourceDate "2012.07.19"]

1. c4 Nf6 2. Nc3 c5 3. e3 g6 4. d4 cxd4 5. exd4 Bg7 6. g3 O-O 7. Bg2 a6 8. Nge2
d6 9. O-O Qc7 10. Na4 Nbd7 11. b3 Rb8 12. Bd2 b6 13. Rc1 Bb7 14. d5 Rfc8 15.
Bf4 Qd8 16. Nac3 Ba8 17. Nd4 Nh5 18. Nc6 Bxc6 19. dxc6 Ndf6 20. Be3 Bf8 21. Nd5
Nxd5 22. cxd5 Qc7 23. f4 e6 24. dxe6 fxe6 25. g4 Ng7 26. Bd4 d5 27. f5 1-0

[Event "5. Torneo IRT Móstoles 2012"]
[Site "Madrid ESP"]
[Date "2012.07.21"]
[Round "3.6"]
[White "Pindado Campos, Raul"]
[Black "Collado Barbas, Laura"]
[Result "0-1"]
[WhiteElo "1928"]
[BlackElo "2118"]
[PlyCount "62"]
[EventDate "2012.07.19"]
[EventType "swiss"]
[EventRounds "9"]
[EventCountry "ESP"]
[Source "lmi"]
[SourceDate "2012.07.19"]

1. d4 d5 2. c4 e6 3. Nf3 c6 4. Nc3 dxc4 5. e4 b5 6. a4 Bb4 7. Bd2 a5 8. axb5
Bxc3 9. Bxc3 cxb5 10. b3 Bb7 11. d5 Nf6 12. Bxf6 Qxf6 13. e5 Qf5 14. bxc4 Qe4+
15. Qe2 Qxe2+ 16. Bxe2 b4 17. dxe6 fxe6 18. Nd4 Ke7 19. O-O Nd7 20. f4 a4 21.
Bg4 Nc5 22. f5 Rhf8 23. Nxe6 Nxe6 24. fxe6 b3 25. Rxf8 Kxf8 26. Rf1+ Ke8 27.
Bf5 g6 28. Bd3 a3 29. Rf7 a2 30. Rxb7 a1=Q+ 31. Kf2 Qd4+ 0-1

[Event "5. Torneo IRT Móstoles 2012"]
[Site "Madrid ESP"]
[Date "2012.07.21"]
[Round "3.7"]
[White "Tolosana Esteban, Enrique"]
[Black "Vega Gomez, Francisco Borja"]
[Result "0-1"]
[WhiteElo "1744"]
[BlackElo "2225"]
[PlyCount "64"]
[EventDate "2012.07.19"]
[EventType "swiss"]
[EventRounds "9"]
[EventCountry "ESP"]
[Source "lmi"]
[SourceDate "2012.07.19"]

1. e4 d5 2. exd5 Qxd5 3. d4 Nc6 4. Nf3 Bg4 5. Be2 O-O-O 6. c4 Qf5 7. a3 Nf6 8.
Be3 e5 9. d5 Bxf3 10. Bxf3 Nd4 11. Bxd4 exd4 12. O-O g5 13. Qxd4 c5 14. Qc3 g4
15. Be2 Bd6 16. f3 Bxh2+ 17. Kxh2 g3+ 18. Kxg3 Rhg8+ 19. Kh2 Qf4+ 20. Kg1 Ne4
21. fxe4 Rxg2+ 22. Kxg2 Rg8+ 23. Bg4+ Rxg4+ 24. Kh3 Rh4+ 25. Kg2 Qh2+ 26. Kf3
Rh3+ 27. Kg4 Qg2+ 28. Kf4 Qxf1+ 29. Ke5 Rxc3 30. bxc3 Kd7 31. d6 f6+ 32. Kd5 b6
0-1

[Event "5. Torneo IRT Móstoles 2012"]
[Site "Madrid ESP"]
[Date "2012.07.21"]
[Round "3.8"]
[White "Quintero Torres, Pedro"]
[Black "Bolado Saez, Sergio"]
[Result "0-1"]
[WhiteElo "2051"]
[BlackElo "2386"]
[PlyCount "96"]
[EventDate "2012.07.19"]
[EventType "swiss"]
[EventRounds "9"]
[EventCountry "ESP"]
[Source "lmi"]
[SourceDate "2012.07.19"]

1. e4 c6 2. d4 d5 3. Nc3 dxe4 4. Nxe4 Bf5 5. Qf3 Bg6 6. Be3 Nd7 7. Bd3 e5 8.
Ng5 Ngf6 9. Bxg6 hxg6 10. O-O-O Qa5 11. Kb1 Be7 12. Ne2 O-O 13. h4 exd4 14.
Bxd4 Rfe8 15. Be3 Qf5 16. Nd4 Qxf3 17. Ndxf3 Bc5 18. Bd4 Ng4 19. c3 Bf8 20.
Rhe1 Nc5 21. b4 Na4 22. Rxe8 Rxe8 23. Re1 Rc8 24. Ne4 b6 25. Kc2 c5 26. bxc5
bxc5 27. Be3 Nxe3+ 28. Rxe3 Rb8 29. Neg5 f6 30. Ne6 Rb2+ 31. Kd3 Rxa2 32. Re4
Nb2+ 33. Kc2 Nc4+ 34. Kd3 Nd6 35. Re1 c4+ 36. Kd4 Rxf2 37. Ra1 Rxg2 38. Nxf8
Kxf8 39. Kd5 Rg3 40. Nd4 Nc8 41. Kc6 Rxc3 42. Kc7 Ne7 43. Rxa7 Re3 44. Kd7 Kf7
45. Kd6 c3 46. Rc7 Re4 47. Nc6 Re6+ 48. Kd7 Rxc6 0-1

[Event "5. Torneo IRT Móstoles 2012"]
[Site "Madrid ESP"]
[Date "2012.07.21"]
[Round "3.9"]
[White "Gal, Eugen"]
[Black "Tipter, Napoleon"]
[Result "1/2-1/2"]
[WhiteElo "2030"]
[BlackElo "2076"]
[PlyCount "47"]
[EventDate "2012.07.19"]
[EventType "swiss"]
[EventRounds "9"]
[EventCountry "ESP"]
[Source "lmi"]
[SourceDate "2012.07.19"]

1. e4 c5 2. Nf3 Nc6 3. d4 cxd4 4. Nxd4 Nf6 5. Nc3 e5 6. Ndb5 a6 7. Nd6+ Bxd6 8.
Qxd6 Qb6 9. Nd5 Nxd5 10. exd5 Qb4+ 11. Qxb4 Nxb4 12. Bd3 d6 13. O-O b5 14. Rd1
Nxd3 15. Rxd3 Bf5 16. Rd2 Rc8 17. c3 O-O 18. f3 Rc4 19. Rd1 Rfc8 20. Bd2 Bg6
21. Rac1 f6 22. a3 a5 23. Be3 b4 24. Bb6 1/2-1/2

[Event "5. Torneo IRT Móstoles 2012"]
[Site "Madrid ESP"]
[Date "2012.07.21"]
[Round "3.10"]
[White "Fuentes Arjona, Antonio"]
[Black "Martin Lozano, Miguel"]
[Result "1-0"]
[WhiteElo "1999"]
[BlackElo "1675"]
[PlyCount "71"]
[EventDate "2012.07.19"]
[EventType "swiss"]
[EventRounds "9"]
[EventCountry "ESP"]
[Source "lmi"]
[SourceDate "2012.07.19"]

1. d4 d5 2. e4 c6 3. Nc3 dxe4 4. Nxe4 Bf5 5. Ng3 Bg6 6. Nf3 h6 7. Ne5 Bh7 8.
Bc4 e6 9. Qe2 Qe7 10. O-O Nd7 11. f4 Ngf6 12. f5 Nxe5 13. dxe5 Nd5 14. Ne4 Qc7
15. fxe6 O-O-O 16. exf7 Qxe5 17. Qg4+ Rd7 18. Bd3 Bxe4 19. Qxe4 Bc5+ 20. Kh1
Qxe4 21. Bxe4 Kd8 22. Bxd5 cxd5 23. Be3 d4 24. Bg1 Rf8 25. Rad1 Bb6 26. g3 Kc7
27. Rf4 g5 28. Rf6 h5 29. Rf5 h4 30. gxh4 gxh4 31. Kg2 Rdxf7 32. Rxf7+ Rxf7 33.
Bxd4 Rd7 34. Bxb6+ axb6 35. Rxd7+ Kxd7 36. Kh3 1-0

[Event "5. Torneo IRT Móstoles 2012"]
[Site "Madrid ESP"]
[Date "2012.07.21"]
[Round "3.11"]
[White "Aguado Rodriguez, Guillermo"]
[Black "Cortes Jurado, Rafael"]
[Result "1-0"]
[WhiteElo "1861"]
[BlackElo "2106"]
[PlyCount "73"]
[EventDate "2012.07.19"]
[EventType "swiss"]
[EventRounds "9"]
[EventCountry "ESP"]
[Source "lmi"]
[SourceDate "2012.07.19"]

1. d4 Nf6 2. Nf3 g6 3. Bf4 Bg7 4. e3 d6 5. h3 O-O 6. Be2 Nbd7 7. O-O Qe8 8.
Nbd2 e5 9. dxe5 dxe5 10. Bh2 Qe7 11. c3 b6 12. a4 a5 13. Nc4 Ne8 14. Qd5 Rb8
15. Ncxe5 Nxe5 16. Nxe5 Nf6 17. Qb3 Bb7 18. Nf3 Ne4 19. Rad1 Rfe8 20. Bb5 Nc5
21. Qc2 Be4 22. Qe2 Red8 23. Nd4 Be5 24. Bxe5 Qxe5 25. Nc6 Bxc6 26. Bxc6 Qe6
27. Qb5 Rd6 28. Rxd6 Qxd6 29. Bf3 Rd8 30. Rd1 Qe7 31. Rxd8+ Qxd8 32. b4 Nb3 33.
Qd5 Qxd5 34. Bxd5 Nc1 35. Bc4 c6 36. bxa5 bxa5 37. Kf1 1-0

[Event "5. Torneo IRT Móstoles 2012"]
[Site "Madrid ESP"]
[Date "2012.07.21"]
[Round "3.14"]
[White "Rodriguez Yague, Fermin"]
[Black "Ruiz Sanchez, Roberto"]
[Result "1/2-1/2"]
[WhiteElo "1770"]
[BlackElo "1994"]
[PlyCount "33"]
[EventDate "2012.07.19"]
[EventType "swiss"]
[EventRounds "9"]
[EventCountry "ESP"]
[Source "lmi"]
[SourceDate "2012.07.19"]

1. e4 c6 2. d4 d5 3. exd5 cxd5 4. c4 Nf6 5. Nc3 e6 6. Nf3 Be7 7. Be2 O-O 8. O-O
a6 9. cxd5 Nxd5 10. Nxd5 exd5 11. Be3 Bg4 12. Qb3 Nc6 13. h3 Bh5 14. a3 Re8 15.
Qd1 b5 16. Rc1 Rc8 17. Re1 1/2-1/2